000 01134 a2200229 4500
003 NUST
005 20221222184338.0
010 _a 94167791
020 _a1854091875
035 _a(OCoLC)30034556
040 _cNust
082 0 0 _a355,PER
100 1 _aPerrett, Bryan.
_948666
245 1 0 _aSeize and hold :
_bmaster strokes on the battlefield /
_cBryan Perrett.
260 _aLondon :
_bArms and Armour ;
_aNew York, NY :
_bSterling Pub. Co. [distributor],
_cc1994.
300 _a224 p., [16] p.
_bill., maps ;
_c24 cm.
505 _aOpening the Iron Gate (Page-11),Young Mister Rommel (Page-25), Polish Eagle And Russian Bear (Page-44), The Third Dimension (Page-60), The Road to Beda Fomm (Page-82), Deep Strike (Page-106), Hill 309 and the Bridge at 637436 (Page-123), Meiktial The Master Stroke (Page-141), Taken at a Run the Capture of the Ludendorff (Page-160), Going for the Jugular (Page-175), Earthquake on Chu Pong (Page-196).
650 0 _aBattles.
_948667
650 0 _aMilitary history, Modern.
856 4 1 _3Table of contents only
_uhttp://www.loc.gov/catdir/toc/fy0714/94167791.html
942 _2ddc
_cBK
_k355,PER
999 _c186037
_d186037